AH International Schools' Libraries

Simon sock / (Record no. 49463)

MARC details
000 -LEADER
fixed length control field 00306nam a2200109 4500
020 ## - INTERNATIONAL STANDARD BOOK NUMBER
International Standard Book Number 9781444967234
100 ## - MAIN ENTRY--PERSONAL NAME
Personal name Hendra, Sue
9 (RLIN) 55758
245 ## - TITLE STATEMENT
Title Simon sock /
Statement of responsibility, etc Sue Hendra & Paul Linnet
260 ## - PUBLICATION, DISTRIBUTION, ETC. (IMPRINT)
Place of publication, distribution, etc Great Britain
Name of publisher, distributor, etc Hodder Children's Books
Date of publication, distribution, etc 2017
300 ## - PHYSICAL DESCRIPTION
Extent unpaged.
Other physical details col. ill.
Dimensions 26 cm.
942 ## - ADDED ENTRY ELEMENTS (KOHA)
Source of classification or shelving scheme
Koha item type Book
Holdings
Withdrawn status Lost status Source of classification or shelving scheme Damaged status Not for loan Collection code Home library Current library Date acquired Total Checkouts Full call number Barcode Date last seen Price effective from Koha item type Date checked out
          TEACHERS' RESOURCES Asian Hope Primary Library Asian Hope Primary Library 09/01/2025   E HEN 209328 09/01/2025 09/01/2025 Book  
          Primary Asian Hope Primary Library Asian Hope Primary Library 09/02/2025 7 E HEN 209334 04/09/2026 09/02/2025 Book 04/02/2026

For any Logos Library related questions please contact Miss Art at swongnarasuk@asianhope.org.

For any Asian Hope Library related questions please contact Miss Raza at graza@asianhope.org.

Click here to explore our ebooks!

Powered by Koha